000 00454nam a22001577a 4500
003 OSt
005 20150910152159.0
008 150910b xxu||||| |||| 00| 0 eng d
040 _cRUA
082 _aAGR គង់ 1995 B012 Or.1
100 _9257
_aគង់ ពិសិដ្ឋ
245 _aការអង្កេតទិន្នន័យកសិកម្ម
260 _aPhnom Penh
_bRUA
_c1995
300 _a126p.
_bill.
_c29cm.
942 _2ddc
_cAGR
999 _c237
_d237